00553nam a2200157Ia 4500020001800000082001300018245009200031260004100123300000800164650005500172650005200227650003700279650003500316700002600351700001800377 a81-7188-511-X a382 USE- 0aUses and misuses of anti-dumping provisions in world trade: a cross country perspective aNew DelhibAcademic Foundationc2006 a145 aDumping (International trade)vLaw and legislation aInternational tradevForeign economic relations aInternational economic relations aWorld Trade Organisation (WTO) aChakraborty, Debashis aDebroy, Bibek